Vista normal
Vista MARC
Entrada Personal Name
Número de registros utilizados en: 1
001 - CONTROL NUMBER
- control field: 15235
003 - CONTROL NUMBER IDENTIFIER
- control field: DLC
005 - DATE AND TIME OF LATEST TRANSACTION
- control field: 20240116153920.0
008 - FIXED-LENGTH DATA ELEMENTS
- fixed length control field: 131205n| azannaabn |a aaa
010 ## - LIBRARY OF CONGRESS CONTROL NUMBER
- LC control number: n 2013071881
040 ## - CATALOGING SOURCE
- Original cataloging agency: DLC
- Language of cataloging: spa
- Transcribing agency: Mx-PuUPA
- Description conventions: rda
- Description conventions: Mx-PuUPA
046 ## - SPECIAL CODED DATES
- Birth date: 1974
100 1# - HEADING--PERSONAL NAME
- Personal name: Atehortúa Granados, John Alexander,
- Dates associated with a name: 1974-
370 ## - ASSOCIATED PLACE
- Other associated place: Bogotá, Colombia
- Other associated place: Medellín, Colombia
373 ## - ASSOCIATED GROUP
- Associated group: Universidad de Medellín
373 ## - ASSOCIATED GROUP
- Associated group: Universidad Militar Nueva Granada de Bogotá
373 ## - ASSOCIATED GROUP
- Associated group: Superintendencia de Transporte (Bogotá, Colombia)
374 ## - OCCUPATION
- Occupation: Economista
- Occupation: Profesor universitario
375 ## - GENDER
- Gender: hombre
377 ## - ASSOCIATED LANGUAGE
- Language code: spa
400 1# - SEE FROM TRACING--PERSONAL NAME
- Personal name: Granados, John Alexander Atehortúa,
- Dates associated with a name: 1974-
670 ## - SOURCE DATA FOUND
- Source citation: Mercados de capitales y portafolios de inversión, 2012:
- Information found: title page (John Alexander Atehortúa Granados) cover front flap (born 1974; industrial economist with a degree from the Universidad de Medellín (1997); specialist in finance and public administration, Universidad Militar Nueva Granada de Bogotá (2002); master's candidate in finance, Universidad de Medellín; has been a professor at various universities in Medellín and Bogotá since 1997; former consultant to the Superintendencia de Transporte (Bogotá))